Filosofía del derecho / (Registro nro. 7277)

Detalles MARC
000 -LEADER
fixed length control field 01749nam a22002297a 4500
003 - CONTROL NUMBER IDENTIFIER
control field OSt
005 - DATE AND TIME OF LATEST TRANSACTION
control field 20210222140805.0
008 - FIXED-LENGTH DATA ELEMENTS--GENERAL INFORMATION
fixed length control field 210222s1992 ck ||||gr|||| 00| 0 spa d
020 ## - INTERNATIONAL STANDARD BOOK NUMBER
International Standard Book Number 848272536X
040 ## - CATALOGING SOURCE
Original cataloging agency CO-JMCR
Transcribing agency CO-JMCR
041 0# - LANGUAGE CODE
Language code of text/sound track or separate title spa
082 04 - DEWEY DECIMAL CLASSIFICATION NUMBER
Classification number 340.1 /
Item number N218f
Edition number 23
100 1# - MAIN ENTRY--PERSONAL NAME
Personal name Naranjo Villegas, Abel,
Relator term autor
9 (RLIN) 2810
245 10 - TITLE STATEMENT
Title Filosofía del derecho /
Statement of responsibility, etc. Abel Naranjo Villegas
250 ## - EDITION STATEMENT
Edition statement Quinta edición
260 ## - PUBLICATION, DISTRIBUTION, ETC.
Place of publication, distribution, etc. Bogotá :
Name of publisher, distributor, etc. Temis,
Date of publication, distribution, etc. 1992
300 ## - PHYSICAL DESCRIPTION
Extent 398 páginas ;
Dimensions 23 cm.
505 ## - FORMATTED CONTENTS NOTE
Formatted contents note Ciencia y filosofía -- Los problemas filosóficos -- Diversas especies de realidad -- ¿Es ciencia del derecho? -- El derecho como praxis social -- Método de la filosofía del derecho -- Relación de la filosofía del derecho con otras ciencias -- El derecho como valor de la existencia -- Idealización y alineación de la realidad -- Idealización y alineación de la realidad -- La sociedad -- De la costumbre -- El estado -- Fines del estado -- Sujeto del derecho, persona y subjetividad jurídica -- La situación jurídica Ordenamiento de la conducta -- El concepto de persona -- La relaciones de justicia -- Actos y hechos jurídicos -- El concepto de obligación -- Vigencia y validez -- Esquema del tiempo físico y el tiempo jurídico -- Objetividad de la moral y del derecho -- El problema de la técnica jurídica -- El derecho natural y la filosofía de la cultura -- Corrientes contemporáneas de la filosofía del derecho -- El problema de la autonomía de la voluntad en el derecho -- kelsen y el estado de derecho -- De la crisis del estado de derecho -- Cossio o la reubicación del objetivo jurídico
650 24 - SUBJECT ADDED ENTRY--TOPICAL TERM
Topical term or geographic name entry element Jurisprudencia
9 (RLIN) 13769
650 24 - SUBJECT ADDED ENTRY--TOPICAL TERM
Topical term or geographic name entry element Derecho
General subdivision Filosofía
9 (RLIN) 13770
942 ## - ADDED ENTRY ELEMENTS (KOHA)
Source of classification or shelving scheme Dewey Decimal Classification
Koha item type Books
Existencias
Withdrawn status Lost status Source of classification or shelving scheme Damaged status Not for loan Home library Current library Shelving location Date acquired Source of acquisition Total Checkouts Full call number Barcode Date last seen Date last checked out Copy number Price effective from Koha item type
    Dewey Decimal Classification     Biblioteca Pública José María del Castillo y Rada Biblioteca Pública José María del Castillo y Rada General Stacks 10/02/2020 Donación 1 340.1 / N218f 201810567 06/07/2024 06/07/2024 Ej.1 10/02/2020 Books